000 nam a22 7a 4500
999 _c9376
_d9376
008 180129b ||||| |||| 00| 0 eng d
100 _aRidden,P.
_95609
245 _aFor those who teach
260 _aAustralia
_bACER PRESS
_c2011